| 000 | 00584nam a22001937a 4500 | ||
|---|---|---|---|
| 003 | OSt | ||
| 005 | 20240710163208.0 | ||
| 008 | 240710b |||||||| |||| 00| 0 eng d | ||
| 020 | _a9211127017 | ||
| 040 |
_aMUST LIB _cMUST _dMUST |
||
| 082 |
_222 _a338.9 _bLEA |
||
| 245 |
_aThe least developed countries report 2006/ _bdeveloping productive capacities. |
||
| 260 |
_aNew York _bUnited Nations _c2006 |
||
| 300 |
_aXV, 352. P ; _bIll. _c30 cm. |
||
| 504 | _aincludes, Notes, References | ||
| 650 |
_2economics _adevelopment _9612 |
||
| 856 | _3table of contents. | ||
| 942 |
_2ddc _cO_SHELF |
||
| 999 |
_c9161 _d9161 |
||